Normal view MARC view
  • Shao L. (Editor); Han J. (Editor); Kohli P. (Editor) & Zhang Z. (Editor)

Entry Personal Name

Number of records used in: 1

001 - CONTROL NUMBER

  • control field: 199006

003 - CONTROL NUMBER IDENTIFIER

  • control field: OSt

005 - DATE AND TIME OF LATEST TRANSACTION

  • control field: 20230714215543.0

008 - FIXED-LENGTH DATA ELEMENTS

  • fixed length control field: 230714|| aca||aabn | a|a d

040 ## - CATALOGING SOURCE

  • Original cataloging agency: OSt
  • Transcribing agency: OSt

100 ## - HEADING--PERSONAL NAME

  • Personal name: Shao L. (Editor); Han J. (Editor); Kohli P. (Editor) & Zhang Z. (Editor)

670 ## - SOURCE DATA FOUND

  • Source citation: Work cat.: (OSt)217736: Shao L. (Editor) 199005, Computer Vision And Machine Learning With RGB-D Sensors, 2014